000 00793nam a22002412 4500
001 0000018442
005 20151217145903.0
008 091029s xx 000 0 eng d
020 _a007709803x :
040 _aKABU
_cKABU
100 1 _aCoope, Sebastian.
_@0000177701
245 1 0 _aComputer systems :
_barchitecture, networks and communications /
_cSebastian Coope, John Cowley, Neil Willis.
250 _a2002 ed.
260 _aLondon :
_bMcGraw-Hill Education,
_c2002.
300 _aviii, 312 p.
650 0 _aComputer architecture.
_@0000154894
650 0 _aComputer networks.
_@0000148214
700 1 _aCowley, John.
_@0000177702
700 1 _aWillis, Neil.
_@0000177703
852 1 _9p2280 KES
908 _a091029
950 _@1
999 _c3744
_d3744